000 00630nam a2200265Ia 4500
005 20260121170912.0
008 008 260114s9999 xx 000 0 eng d
020 _a9783319963105
037 _aEBOOK
040 _aCRL
040 _beng
040 _cCRL
041 _2eng
041 _aeng
084 _qCRL
100 _aBen Clarke, Nick Hubble
_91069570
245 0 _aWorking-Class Writing
260 _bSpringer
260 _bSpringer
260 _c2018
856 _uhttps://link.springer.com/openurl?genre=book&isbn=978-3-319-96310-5
942 _cEBOOK
999 _c1635300
_d1635300